Las finalidades públicas de la univesidad en el contexto de la globalización /

Jorge Landinelli presenta un conjunto de problemas que atañen al escenario de la universidad pública latinoamericana en el contexto de la reconfiguración de las lógicas del capitalismo expansivo y la acentuación de los procesos de internacionalización y globalización. Esboza asimismo una serie de re...

সম্পূর্ণ বিবরণ

সংরক্ষণ করুন:
গ্রন্থ-পঞ্জীর বিবরন
প্রধান লেখক: Landinelli, Jorge
বিন্যাস: পাঠ‍্য
বিষয়গুলি:
ট্যাগগুলো: ট্যাগ যুক্ত করুন
কোনো ট্যাগ নেই, প্রথমজন হিসাবে ট্যাগ করুন!

MARC

LEADER 00000 a a2200000 04500
001 43439
003
040
100 |a Landinelli, Jorge  
245 |a Las finalidades públicas de la univesidad en el contexto de la globalización /  |c Jorge Landinelli  
520 |a Jorge Landinelli presenta un conjunto de problemas que atañen al escenario de la universidad pública latinoamericana en el contexto de la reconfiguración de las lógicas del capitalismo expansivo y la acentuación de los procesos de internacionalización y globalización. Esboza asimismo una serie de retos que estas instituciones enfrentan en tanto potenciales semilleros y motores de la construcción de alternativas democráticas orientadas a propiciar mayor cohesión y justicia social.  
590 |a RRA/JULIO2012  
650 |a 1.ENSEÑANZA SUPERIOR  
650 |a 2.EDUCACION PUBLICA  
650 |a 3.UNIVERSIDADES  
650 |a 4.GLOBALIZACION  
773 |g páginas 205-224  
999 |c 32436  |d 32436